| 000 | 00802nam a22002177a 4500 | ||
|---|---|---|---|
| 003 | DO-SdBNP | ||
| 005 | 20230228143503.0 | ||
| 007 | ta | ||
| 008 | 220912b2006 ec ||||| |||| 00| 0 spa d | ||
| 020 | _a9978950419 | ||
| 040 |
_aDO-SdBNP _bspa _cBNPHU |
||
| 082 | 4 | _222 | |
| 100 | 1 |
_930052 _aBarriga López, Franklin. _d1945- |
|
| 245 | 1 | 0 |
_aTemas contemporáneos : _bsociología, política y relaciones internacionales / _cFranklin Barriga López. |
| 260 |
_aQuito, Ecuador _bInstituto Ecuatoriano de Estudios para las Relaciones Internacionales, _bGrupo de Observadores Latinoamericanos, _c2006. |
||
| 300 |
_a292 p. ; _b22 cm. |
||
| 490 | 1 | _aProblemas del mundo comtemporáneo | |
| 590 | _aInventariado, 2022 /LP | ||
| 830 | 0 |
_aProblemas del mundo comtemporáneo _982346 |
|
| 942 |
_2ddc _cLBS1 |
||
| 999 |
_c52374 _d52374 |
||